000 01820nam a22003137a 4500
001 170
003 OSt
005 20250528074013.0
008 250130b |||||||g |||| 00| 1 eng d
020 _a8571238944
040 _bpor
041 _heng
_apor
082 _a813
_bC771v
100 1 _aCook, Claire,
_d1955-
_9322
240 _aMust love dogs
245 _aVocê deve amar os cães /
_cCook, Claire ; Tradução de Gabriela Machado
260 _aSão Paulo
_bNova Cultural
_c2004
300 _a287 p.
520 _aApós ser trocada por uma mulher mais jovem, a professora Sarah Hurlihy tenta construir uma nova vida. Seu primeiro passo é responder ao anúncio do "homem irremediavelmente romântico" que a esperaria num café, com uma rosa amarela nas mãos. O resultado é chocante: à mesa está a última pessoa que ela imaginaria - ou desejaria - encontar. O passo seguinte é permitir que sua irmã publique um anúncio pessoal em seu nome descrevendo-a com "voluptosa e sensual". Estava aberto o caminho para um longo cortejo de homens solitários, estranhos e tão mentirosos - pelo menos na sua auto descrição - quanto ela. Agora Sarah precisa administrar os bizarros pretendentes que pululam ao seu redor, as intromissões de sua adorável família irlandesa e sua própria e gigantesca ansiedade. Tarefas que ela desempenha com doses generosas de humor e auto-ironia, ao mesmo tempo que descobre, espantada, que há romance, paixão e sexo - não necessariamente nessa ordem - após os quarenta anos.
650 0 _aLiteratura Americana
_984
650 0 _aAmor e Paixão
_925
650 0 _aHumor
_960
650 0 _aAnimais
_959
650 0 _aGrandes Amizades
_928
655 0 _aRomance
_923
655 0 _aFicção
_922
700 _aGabriela Machado
_eTradutor
_9323
942 _2ddc
_n0
_cBK
999 _c170
_d170